[Event "Mecklenburg VP Verbandsliga 2122"]
[Site "Mecklenburg VP"]
[Date "2022.05.01"]
[Round "9.5"]
[White "Haase, Sebastian"]
[Black "Bauer, Norbert"]
[Result "0-1"]
[WhiteElo "1857"]
[BlackElo "2054"]
[PlyCount "106"]
[EventDate "2021.10.24"]
[EventType "team-tourn"]
[EventRounds "9"]
[EventCountry "GER"]
[SourceTitle "EXT 2024"]
[Source "ChessBase"]
[SourceDate "2023.10.10"]
[SourceVersion "1"]
[SourceVersionDate "2023.10.10"]
[SourceQuality "1"]
[WhiteTeam "Grevesmuehlen Blau Weiss"]
[BlackTeam "Torgelow Droegeheide"]
[WhiteTeamCountry "GER"]
[BlackTeamCountry "GER"]

1. d4 Nf6 2. Bf4 c5 3. c3 e6 4. e3 Be7 5. Nf3 b6 6. Nbd2 Bb7 7. Bd3 Nh5 8. Bg3 d6 9. Qe2 Nd7 10. e4 Qc7 11. a3 a6 12. 0-0 Nxg3 13. fxg3 e5 14. dxe5 dxe5 15. Nc4 b5 16. Ne3 c4 17. Bc2 Bc5 18. Kh1 Bxe3 19. Qxe3 0-0 20. Rad1 Rad8 21. b4 cxb3 22. Bxb3 Nf6 23. Rxd8 Rxd8 24. Nd2 Qd6 25. Rd1 Qc6 26. Qf2 Qxc3 27. Qb6 Qc8 28. Nf3 Rxd1+ 29. Bxd1 Nd7 30. Qd6 Qc6 31. Qd3 h6 32. h3 Kf8 33. Bb3 Ke7 34. Bd5 Qd6 35. Qb3 Bxd5 36. exd5 Nb6 37. Qc3 Nxd5 38. Qxe5+ Qxe5 39. Nxe5 Nb6 40. Nd3 Nc4 41. Nc5 a5 42. a4 bxa4 43. Nxa4 Kd6 44. Kg1 Kc6 45. Nc3 Kc5 46. Na2 Kd4 47. Kf2 Kd3 48. Nc1+ Kc2 49. Ne2 a4 50. Nd4+ Kb2 51. Ke2 a3 52. Kd3 a2 53. Nc2 Na3 0-1

[Event "Mecklenburg VP Verbandsliga 1920"]
[Site "Mecklenburg VP"]
[Date "2020.01.19"]
[Round "5.3"]
[White "Bauer, Norbert"]
[Black "Kliewe, Hans Juergen"]
[Result "1/2-1/2"]
[WhiteElo "2054"]
[BlackElo "2113"]
[PlyCount "42"]
[EventDate "2019.09.29"]
[EventType "team-tourn"]
[EventRounds "9"]
[EventCountry "GER"]
[SourceTitle "EXT 2023"]
[Source "ChessBase"]
[SourceDate "2022.10.05"]
[SourceVersion "1"]
[SourceVersionDate "2022.10.05"]
[SourceQuality "1"]
[WhiteTeam "Torgelow"]
[BlackTeam "Wismar ASV Gruen-Weiss"]
[WhiteTeamCountry "GER"]
[BlackTeamCountry "GER"]

1. d4 d5 2. c4 c6 3. Nf3 Nf6 4. Nc3 dxc4 5. a4 Bf5 6. Ne5 Nbd7 7. Nxc4 e6 8. f3 Bb4 9. e4 Bg6 10. Be3 0-0 11. Be2 Qc7 12. 0-0 Nb6 13. Qb3 Nxc4 14. Bxc4 Ba5 15. Ne2 Rfd8 16. Nf4 Bb6 17. Nxg6 hxg6 18. Rfd1 Rd7 19. Qc3 a6 20. b4 a5 21. Be2 e5 1/2-1/2

[Event "Mecklenburg VP Verbandsliga 1920"]
[Site "Mecklenburg VP"]
[Date "2019.09.29"]
[Round "1.3"]
[White "Schulz, Daniel1111"]
[Black "Bauer, Norbert"]
[Result "0-1"]
[WhiteElo "1817"]
[BlackElo "2054"]
[PlyCount "98"]
[EventDate "2019.09.29"]
[EventType "team-tourn"]
[EventRounds "9"]
[EventCountry "GER"]
[SourceTitle "EXT 2023"]
[Source "ChessBase"]
[SourceDate "2022.10.05"]
[SourceVersion "1"]
[SourceVersionDate "2022.10.05"]
[SourceQuality "1"]
[WhiteTeam "Neubrandenburg SG Eintracht"]
[BlackTeam "Torgelow"]
[WhiteTeamCountry "GER"]
[BlackTeamCountry "GER"]

1. e4 c5 2. c3 d5 3. exd5 Qxd5 4. d4 Nc6 5. Nf3 Bg4 6. Be2 cxd4 7. cxd4 e6 8. 0-0 Nf6 9. Nc3 Qd6 10. a3 Be7 11. Qb3 0-0 12. Be3 a6 13. Rfd1 Rfd8 14. Rac1 b5 15. Qc2 Bf5 16. Qd2 Nd5 17. Nxd5 Qxd5 18. Ng5 Bxg5 19. Bxg5 f6 20. Bf3 Be4 21. Bxe4 Qxe4 22. Be3 Ne7 23. f3 Qb7 24. Bf2 Rac8 25. Qe2 Qd7 26. Re1 Rxc1 27. Rxc1 Rc8 28. Rc5 Kf7 29. Qc2 h6 30. h4 a5 31. Qe2 Rxc5 32. dxc5 a4 33. h5 Nd5 34. Qc2 Qc6 35. Qe4 Ne7 36. Qc2 Qd5 37. Kf1 Nc6 38. Qe2 Qb3 39. Qe4 Qd1+ 40. Be1 Qd5 41. Qxd5 exd5 42. Ke2 Ke6 43. Kd3 d4 44. Bg3 Kd5 45. Bd6 Nd8 46. Be7 Ne6 47. c6 Nf4+ 48. Kd2 Kxc6 49. g4 Kd5 0-1

[Event "Mecklenburg VP LL 1617"]
[Site "Mecklenburg VP"]
[Date "2017.02.26"]
[Round "6.5"]
[White "Hasselmann, Dieter"]
[Black "Bauer, Norbert"]
[Result "1/2-1/2"]
[WhiteElo "2028"]
[BlackElo "1965"]
[PlyCount "73"]
[EventDate "2016.10.16"]
[EventType "team-tourn"]
[EventRounds "9"]
[EventCountry "GER"]
[SourceTitle "EXT 2022"]
[Source "ChessBase"]
[SourceDate "2021.10.06"]
[SourceVersion "1"]
[SourceVersionDate "2021.10.06"]
[SourceQuality "1"]
[WhiteTeam "Schwerin SF II"]
[BlackTeam "Torgelow Droegeheide"]
[WhiteTeamCountry "GER"]
[BlackTeamCountry "GER"]

1. e4 c5 2. c3 d5 3. exd5 Qxd5 4. d4 Nc6 5. Nf3 Bg4 6. Be2 cxd4 7. cxd4 e6 8. Nc3 Qd6 9. 0-0 Nf6 10. Nb5 Qb8 11. Bg5 Be7 12. Bh4 0-0 13. Bg3 Qd8 14. Rc1 a6 15. Nc3 Nb4 16. a3 Nbd5 17. Na4 Bd6 18. Ne5 Bxe2 19. Qxe2 Qe7 20. Rc2 Rfc8 21. Rfc1 Rxc2 22. Rxc2 h6 23. h3 a5 24. Nc3 Nxc3 25. Rxc3 Nd5 26. Rc2 Qe8 27. Qf3 Bxe5 28. Bxe5 Rc8 29. Qb3 Rxc2 30. Qxc2 Qd7 31. Qc5 a4 32. g4 f6 33. Bg3 Kf7 34. Kf1 Ne7 35. Bd6 Nd5 36. Bg3 Ne7 37. Bd6 1/2-1/2

[Event "Mecklenburg VP LL 1617"]
[Site "Mecklenburg VP"]
[Date "2017.01.15"]
[Round "5.4"]
[White "Schmidt, Reinhard"]
[Black "Bauer, Norbert"]
[Result "0-1"]
[WhiteElo "1786"]
[BlackElo "1965"]
[PlyCount "80"]
[EventDate "2016.10.16"]
[EventType "team-tourn"]
[EventRounds "9"]
[EventCountry "GER"]
[SourceTitle "EXT 2022"]
[Source "ChessBase"]
[SourceDate "2021.10.06"]
[SourceVersion "1"]
[SourceVersionDate "2021.10.06"]
[SourceQuality "1"]
[WhiteTeam "Warnemuende SF Ostsee"]
[BlackTeam "Torgelow Droegeheide"]
[WhiteTeamCountry "GER"]
[BlackTeamCountry "GER"]

1. e4 c5 2. Nf3 Nc6 3. d4 cxd4 4. Nxd4 Nf6 5. Nc3 e5 6. Ndb5 d6 7. Bg5 a6 8. Na3 b5 9. Bxf6 gxf6 10. Nd5 f5 11. Bd3 Be6 12. c3 Bg7 13. Nc2 0-0 14. h4 f4 15. a4 bxa4 16. Rxa4 a5 17. Bb5 Ne7 18. Bc4 Nc6 19. Qa1 Kh8 20. Qa2 f5 21. h5 Bh6 22. b4 Qg5 23. Rg1 fxe4 24. b5 e3 25. Ndxe3 fxe3 26. Nxe3 Bxc4 27. Rxc4 Ne7 28. b6 d5 29. Rc7 d4 30. Nd1 Nd5 31. Rb7 Nxc3 32. Nxc3 dxc3 33. Qc2 Qd2+ 34. Qxd2 cxd2+ 35. Ke2 Rab8 36. Ra7 Rxb6 37. Rxa5 e4 38. Re5 Rbf6 39. Rxe4 Rxf2+ 40. Kd3 Rf1 0-1

[Event "Mecklenburg VP VL 1516"]
[Site "Mecklenburg VP"]
[Date "2016.04.24"]
[Round "9.4"]
[White "Bauer, Norbert"]
[Black "Schulz, Bernd"]
[Result "0-1"]
[WhiteElo "1974"]
[BlackElo "1882"]
[PlyCount "108"]
[EventDate "2015.09.20"]
[EventType "team-tourn"]
[EventRounds "9"]
[EventCountry "GER"]
[SourceTitle "EXT 2022"]
[Source "ChessBase"]
[SourceDate "2021.10.06"]
[SourceVersion "1"]
[SourceVersionDate "2021.10.06"]
[SourceQuality "1"]
[WhiteTeam "Torgelow Droegeheide"]
[BlackTeam "Wismar ASV Gruen-Weiss"]
[WhiteTeamCountry "GER"]
[BlackTeamCountry "GER"]

1. e4 e5 2. Nf3 Nc6 3. Bb5 Nf6 4. 0-0 d6 5. d4 exd4 6. Nxd4 Bd7 7. c4 Nxd4 8. Bxd7+ Nxd7 9. Qxd4 Qf6 10. Qd1 Qd8 11. Nc3 Nf6 12. b3 Be7 13. Bb2 0-0 14. Qd4 Nd7 15. Nd5 Bf6 16. Nxf6+ Qxf6 17. Qd2 Qg6 18. Rae1 Kh8 19. Re3 f6 20. Rfe1 Nc5 21. f4 Nd7 22. Qd5 Rab8 23. Bd4 Qf7 24. a4 Qxd5 25. exd5 a6 26. Re7 Rbd8 27. g4 Kg8 28. Kg2 Rf7 29. Kg3 Rxe7 30. Rxe7 Kf8 31. Re6 Kf7 32. h4 Nf8 33. Re3 Re8 34. h5 Rxe3+ 35. Bxe3 Nd7 36. Kf3 g6 37. Ke4 f5+ 38. gxf5 Nf6+ 39. Kd4 gxf5 40. c5 Nxh5 41. c6 b6 42. Kc4 Ke7 43. Kd4 Nf6 44. Bf2 Ne4 45. Bh4+ Ke8 46. b4 h5 47. Kd3 a5 48. bxa5 bxa5 49. Be1 Nc5+ 50. Kc4 Nxa4 51. Bxa5 Nb6+ 52. Kd4 h4 53. Be1 h3 54. Bg3 Kf7 0-1

[Event "Mecklenburg VP VL 1516"]
[Site "Mecklenburg VP"]
[Date "2015.10.11"]
[Round "2.5"]
[White "Kohn, Thomas2222"]
[Black "Bauer, Norbert"]
[Result "1-0"]
[WhiteElo "1854"]
[BlackElo "1974"]
[PlyCount "43"]
[EventDate "2015.09.20"]
[EventType "team-tourn"]
[EventRounds "9"]
[EventCountry "GER"]
[SourceTitle "EXT 2022"]
[Source "ChessBase"]
[SourceDate "2021.10.06"]
[SourceVersion "1"]
[SourceVersionDate "2021.10.06"]
[SourceQuality "1"]
[WhiteTeam "Stralsund FHSG"]
[BlackTeam "Torgelow Droegeheide"]
[WhiteTeamCountry "GER"]
[BlackTeamCountry "GER"]

1. Nf3 c5 2. e4 Nc6 3. d4 cxd4 4. Nxd4 Nf6 5. Nc3 d6 6. Bc4 Bd7 7. f3 g6 8. Be3 Bg7 9. Qd2 0-0 10. 0-0-0 Qb8 11. h4 Rc8 12. Bb3 Na5 13. g4 Nc4 14. Bxc4 Rxc4 15. h5 b5 16. hxg6 hxg6 17. Qh2 e6 18. Bh6 Nxg4 19. fxg4 Rxd4 20. Rxd4 Bxd4 21. Bf4 Kg7 22. Bxd6 1-0

[Event "Mecklenburg VP VL 1415"]
[Site "Mecklenburg VP"]
[Date "2015.03.15"]
[Round "7.5"]
[White "Hasselmann, Dieter"]
[Black "Bauer, Norbert"]
[Result "1/2-1/2"]
[WhiteElo "2057"]
[BlackElo "1957"]
[PlyCount "62"]
[EventDate "2014.09.21"]
[EventType "team-tourn"]
[EventRounds "9"]
[EventCountry "GER"]
[SourceTitle "EXT 2022"]
[Source "ChessBase"]
[SourceDate "2021.10.06"]
[SourceVersion "1"]
[SourceVersionDate "2021.10.06"]
[SourceQuality "1"]
[WhiteTeam "Schwerin SF III"]
[BlackTeam "Torgelow Droegeheide"]
[WhiteTeamCountry "GER"]
[BlackTeamCountry "GER"]

1. e4 c5 2. c3 d5 3. exd5 Qxd5 4. Nf3 Nc6 5. d4 Bg4 6. Be2 cxd4 7. cxd4 e6 8. 0-0 Nf6 9. Nc3 Qd8 10. Qa4 Be7 11. Ne5 Bxe2 12. Nxc6 Qd7 13. Re1 b5 14. Ne5 bxa4 15. Nxd7 Kxd7 16. Rxe2 a3 17. Bg5 Rhc8 18. Rc1 Rab8 19. b3 Nd5 20. Bd2 Nxc3 21. Rxc3 Rxc3 22. Bxc3 Rc8 23. Re3 Bf6 24. g3 Kd6 25. Kf1 Kd5 26. Ke2 Rc7 27. Kd2 Bxd4 28. Bxd4 Kxd4 29. Rd3+ Ke4 30. f3+ Ke5 31. b4 Rc4 1/2-1/2

[Event "Mecklenburg VP VL 1314"]
[Site "Mecklenburg VP"]
[Date "2014.04.27"]
[Round "9.4"]
[White "Helms, Sven"]
[Black "Bauer, Norbert"]
[Result "0-1"]
[WhiteElo "1907"]
[BlackElo "1924"]
[PlyCount "84"]
[EventDate "2013.10.20"]
[EventType "team-tourn"]
[EventRounds "9"]
[EventCountry "GER"]
[SourceTitle "EXT 2022"]
[Source "ChessBase"]
[SourceDate "2021.10.06"]
[SourceVersion "1"]
[SourceVersionDate "2021.10.06"]
[SourceQuality "1"]
[WhiteTeam "Schwerin SF III"]
[BlackTeam "Torgelow Droegeheide"]
[WhiteTeamCountry "GER"]
[BlackTeamCountry "GER"]

1. d4 Nf6 2. c4 e6 3. Nf3 b6 4. g3 Ba6 5. b3 Bb4+ 6. Bd2 Be7 7. Bg2 c6 8. 0-0 0-0 9. Bc3 d5 10. Nbd2 Nbd7 11. Ne5 Nxe5 12. dxe5 Nd7 13. f4 Qc7 14. Bb2 dxc4 15. Nxc4 Bxc4 16. bxc4 Rfd8 17. Qc2 Rac8 18. Rad1 Nc5 19. e3 Rxd1 20. Rxd1 Rd8 21. Rd4 Nd7 22. Qd1 c5 23. Rd2 Nb8 24. Rxd8+ Qxd8 25. Qxd8+ Bxd8 26. g4 Kf8 27. f5 Bc7 28. h4 Nd7 29. fxe6 fxe6 30. Bc6 Ke7 31. Bxd7 Kxd7 32. Kf2 Kc6 33. a4 a6 34. Kf3 b5 35. axb5+ axb5 36. cxb5+ Kxb5 37. Ke4 Kc4 38. Ba3 Bb6 39. g5 g6 40. Bc1 Kc3 41. Ba3 Kb3 42. Bc1 c4 0-1

[Event "Mecklenburg VP VL 1314"]
[Site "Mecklenburg VP"]
[Date "2013.12.15"]
[Round "4.6"]
[White "Fidorra, Thomas"]
[Black "Bauer, Norbert"]
[Result "0-1"]
[WhiteElo "1847"]
[BlackElo "1924"]
[PlyCount "96"]
[EventDate "2013.10.20"]
[EventType "team-tourn"]
[EventRounds "9"]
[EventCountry "GER"]
[SourceTitle "EXT 2022"]
[Source "ChessBase"]
[SourceDate "2021.10.06"]
[SourceVersion "1"]
[SourceVersionDate "2021.10.06"]
[SourceQuality "1"]
[WhiteTeam "Guestrow/Teterow"]
[BlackTeam "Torgelow Droegeheide"]
[WhiteTeamCountry "GER"]
[BlackTeamCountry "GER"]

1. e4 c5 2. Nf3 Nc6 3. d4 cxd4 4. Nxd4 Qb6 5. Nb3 Nf6 6. Nc3 e6 7. Be3 Qc7 8. a3 a6 9. Be2 d6 10. f4 b5 11. 0-0 Be7 12. Qe1 0-0 13. Rd1 b4 14. axb4 Nxb4 15. Nb5 axb5 16. Qxb4 Ra4 17. Qxb5 Bd7 18. Qd3 Nxe4 19. Nd4 d5 20. b3 Ra2 21. c4 Nc5 22. Qb1 Ra3 23. cxd5 exd5 24. Bf3 Ne4 25. Bxe4 dxe4 26. Qxe4 Bf6 27. Bc1 Ra5 28. Kh1 Re8 29. Qf3 Ra2 30. Be3 Bxd4 31. Bxd4 Bc6 32. Rc1 Bxf3 33. Rxc7 Bxg2+ 34. Kg1 Bxf1 35. Kxf1 h6 36. Be5 f6 37. Bc3 Rxh2 38. b4 Rc2 39. b5 Rb8 40. Rc5 Rd8 41. Ke1 Rd3 42. b6 Rcxc3 43. b7 Rb3 44. Rc8+ Kh7 45. b8Q Rxb8 46. Rxb8 Rd4 47. Kf2 Rxf4+ 48. Kg3 g5 0-1

[Event "Mecklenburg VP VL 1314"]
[Site "Mecklenburg VP"]
[Date "2013.11.24"]
[Round "3.6"]
[White "Bauer, Norbert"]
[Black "Gareis, Roberto"]
[Result "1-0"]
[WhiteElo "1924"]
[BlackElo "1869"]
[PlyCount "93"]
[EventDate "2013.10.20"]
[EventType "team-tourn"]
[EventRounds "9"]
[EventCountry "GER"]
[SourceTitle "EXT 2022"]
[Source "ChessBase"]
[SourceDate "2021.10.06"]
[SourceVersion "1"]
[SourceVersionDate "2021.10.06"]
[SourceQuality "1"]
[WhiteTeam "Torgelow Droegeheide"]
[BlackTeam "Grevesmuehlen Blau Weiss"]
[WhiteTeamCountry "GER"]
[BlackTeamCountry "GER"]

1. d4 d5 2. c4 e6 3. Nc3 Nf6 4. Bg5 Be7 5. cxd5 exd5 6. e3 c6 7. Bd3 0-0 8. Nge2 Nbd7 9. 0-0 Ne4 10. Bf4 g5 11. Bg3 Ndf6 12. Qc2 Nxg3 13. Nxg3 Bd6 14. Rfe1 Bxg3 15. hxg3 Qd6 16. Rad1 Kg7 17. e4 dxe4 18. Bxe4 h6 19. d5 cxd5 20. Bxd5 Qc7 21. Qb3 Bg4 22. Rc1 Rac8 23. Qxb7 Qxb7 24. Bxb7 Rb8 25. Re7 Rfe8 26. Rxe8 Nxe8 27. Bc6 Nf6 28. Rc2 Bf5 29. Rd2 Rb6 30. Bf3 Re6 31. Be2 Bg4 32. f3 Bf5 33. Kf2 Re5 34. b4 Re7 35. a4 Rb7 36. b5 Rc7 37. Nd1 Be6 38. Ne3 Rc3 39. a5 Ra3 40. a6 Rb3 41. Rd8 Bd7 42. Rb8 h5 43. Rb7 g4 44. Rxa7 Bxb5 45. Rb7 Ba4 46. Rxb3 Bxb3 47. a7 1-0

[Event "Mecklenburg VP VL 1112"]
[Site "Mecklenburg VP"]
[Date "2012.02.26"]
[Round "7.4"]
[White "Buss, Stephan"]
[Black "Bauer, Norbert"]
[Result "0-1"]
[WhiteElo "1920"]
[BlackElo "1964"]
[PlyCount "134"]
[EventDate "2011.10.02"]
[EventType "team-tourn"]
[EventRounds "9"]
[EventCountry "GER"]
[SourceTitle "EXT 2022"]
[Source "ChessBase"]
[SourceDate "2021.10.06"]
[SourceVersion "1"]
[SourceVersionDate "2021.10.06"]
[SourceQuality "1"]
[WhiteTeam "Warnemuende SF Ostsee"]
[BlackTeam "Torgelow Droegeheide"]
[WhiteTeamCountry "GER"]
[BlackTeamCountry "GER"]

1. e4 c5 2. Nf3 Nc6 3. g3 g6 4. Bg2 Bg7 5. 0-0 d6 6. c3 Nf6 7. Qe2 0-0 8. h3 Nd7 9. Na3 Rb8 10. Rb1 b5 11. b4 c4 12. Ne1 e6 13. f4 Ne7 14. d4 cxd3 15. Qxd3 Nf6 16. Be3 a6 17. Ba7 Ra8 18. Bf2 Bb7 19. c4 bxc4 20. Nxc4 Bxe4 21. Bxe4 Nxe4 22. Qxe4 d5 23. Qe2 dxc4 24. Qxc4 Nd5 25. Nf3 Qb8 26. Rfc1 Qb7 27. Qc6 Qxc6 28. Rxc6 Nc3 29. Rb2 Rfc8 30. Rxc8+ Rxc8 31. Bd4 Bxd4+ 32. Nxd4 Rc4 33. Nf3 Nd5 34. Ne5 Rxb4 35. Rxb4 Nxb4 36. a3 Nd5 37. Kf2 Kf8 38. Ke2 Ke7 39. Kd3 f6 40. Nc4 Kd7 41. Nd2 Kc6 42. Kc4 h5 43. Ne4 e5 44. fxe5 fxe5 45. Nd2 Nb6+ 46. Kd3 Kd5 47. g4 hxg4 48. hxg4 Nd7 49. Ke3 Nc5 50. Nf3 a5 51. Nh4 g5 52. Nf3 Ne4 53. Kd3 Nf2+ 54. Kc3 Nxg4 55. Nxg5 Nf2 56. Kb3 Ne4 57. Nf3 Nc5+ 58. Kc3 e4 59. Ng1 e3 60. Ne2 Ke4 61. Kc4 Nb7 62. Nc3+ Kf3 63. Kd3 Nc5+ 64. Kd4 Na4 65. Ne4 e2 66. Nd2+ Kf2 67. Ne4+ Kg2 0-1

[Event "Mecklenburg VP VL 1112"]
[Site "Mecklenburg VP"]
[Date "2011.12.11"]
[Round "4.5"]
[White "Kleinke, Uwe"]
[Black "Bauer, Norbert"]
[Result "0-1"]
[WhiteElo "1798"]
[BlackElo "1964"]
[PlyCount "74"]
[EventDate "2011.10.02"]
[EventType "team-tourn"]
[EventRounds "9"]
[EventCountry "GER"]
[SourceTitle "EXT 2022"]
[Source "ChessBase"]
[SourceDate "2021.10.06"]
[SourceVersion "1"]
[SourceVersionDate "2021.10.06"]
[SourceQuality "1"]
[WhiteTeam "Grevesmuehlen Blau Weiss"]
[BlackTeam "Torgelow Droegeheide"]
[WhiteTeamCountry "GER"]
[BlackTeamCountry "GER"]

1. b4 d5 2. Bb2 Nf6 3. e3 Nbd7 4. Nf3 e6 5. b5 Bd6 6. c4 c5 7. a4 e5 8. d3 0-0 9. Be2 Qe7 10. Qc2 Re8 11. e4 d4 12. Nbd2 Nf8 13. a5 Bd7 14. a6 bxa6 15. Rxa6 Bc8 16. Ra3 N6d7 17. 0-0 Ne6 18. Rfa1 Nf4 19. Nb3 Nb8 20. Bf1 Bg4 21. Ne1 Qc7 22. f3 Bc8 23. Bc1 g5 24. g3 Nh3+ 25. Bxh3 Bxh3 26. Bxg5 Re6 27. Qf2 f5 28. exf5 Bxf5 29. g4 Rg6 30. Bc1 h5 31. h3 hxg4 32. fxg4 Be6 33. Ng2 e4 34. Bb2 e3 35. Qh4 Bg3 36. Qh5 Bf2+ 37. Kh1 Qg7 0-1

[Event "Mecklenburg VP VL 1112"]
[Site "Mecklenburg VP"]
[Date "2011.10.02"]
[Round "1.5"]
[White "Lotz, Robert"]
[Black "Bauer, Norbert"]
[Result "0-1"]
[WhiteElo "1773"]
[BlackElo "1964"]
[PlyCount "58"]
[EventDate "2011.10.02"]
[EventType "team-tourn"]
[EventRounds "9"]
[EventCountry "GER"]
[SourceTitle "EXT 2022"]
[Source "ChessBase"]
[SourceDate "2021.10.06"]
[SourceVersion "1"]
[SourceVersionDate "2021.10.06"]
[SourceQuality "1"]
[WhiteTeam "Waren ESV"]
[BlackTeam "Torgelow Droegeheide"]
[WhiteTeamCountry "GER"]
[BlackTeamCountry "GER"]

1. e4 c5 2. Nf3 Nc6 3. d4 cxd4 4. Nxd4 Nf6 5. f3 e5 6. Nf5 d5 7. exd5 Bxf5 8. dxc6 Qxd1+ 9. Kxd1 bxc6 10. Bd3 0-0-0 11. Ke2 Bxd3+ 12. cxd3 Nd5 13. Bd2 Kb7 14. a3 f5 15. Nc3 Be7 16. Rac1 Nb6 17. Be3 Rd7 18. Bxb6 axb6 19. g4 g6 20. b4 Rhd8 21. Rhd1 Bf6 22. gxf5 gxf5 23. Rc2 Rg7 24. Kf1 Rdg8 25. Ne2 Rg2 26. Rdc1 Rxh2 27. Rxc6 Bh4 28. Rc7+ Kb8 29. Ng1 Rf2+ 0-1

[Event "Mecklenburg VP VL 1011"]
[Site "Mecklenburg VP"]
[Date "2011.02.27"]
[Round "7.4"]
[White "Bauer, Norbert"]
[Black "Wolke, Heiko"]
[Result "1-0"]
[WhiteElo "2010"]
[BlackElo "1914"]
[PlyCount "99"]
[EventDate "2010.10.10"]
[EventType "team-tourn"]
[EventRounds "9"]
[EventCountry "GER"]
[SourceTitle "EXT 2022"]
[Source "ChessBase"]
[SourceDate "2021.10.06"]
[SourceVersion "1"]
[SourceVersionDate "2021.10.06"]
[SourceQuality "1"]
[WhiteTeam "Torgelow Droegeheide"]
[BlackTeam "Warnemuende SF Ostsee"]
[WhiteTeamCountry "GER"]
[BlackTeamCountry "GER"]

1. d4 c5 2. d5 e6 3. c4 exd5 4. cxd5 d6 5. Nc3 Nf6 6. Nf3 Be7 7. e4 0-0 8. Bd3 Bg4 9. h3 Bh5 10. Bf4 Nbd7 11. g4 Bg6 12. Qe2 a6 13. a4 Rb8 14. Nd2 Ne5 15. Bxe5 dxe5 16. Nc4 Bd6 17. 0-0 Bc7 18. a5 Ne8 19. Qe3 Qh4 20. Kg2 h5 21. f3 Qe7 22. Na4 Nd6 23. Nxc5 Rfc8 24. Nb6 Bxb6 25. axb6 Nb5 26. Bxb5 axb5 27. b4 Qd6 28. Qg5 hxg4 29. hxg4 Re8 30. Kg3 Red8 31. Ra2 Qxb6 32. Rh1 Qf6 33. Rah2 Kf8 34. Qxf6 gxf6 35. Nd7+ Kg7 36. Nxb8 Rxb8 37. Rc2 Ra8 38. Rb1 Ra3 39. Kf2 Kh6 40. Re2 Kg5 41. Re3 Ra2+ 42. Kg3 Rd2 43. Reb3 Rd4 44. Rc1 Bxe4 45. fxe4 Rxe4 46. Rd1 Rxg4+ 47. Kf2 Rh4 48. d6 Rh8 49. d7 Rd8 50. Rc3 1-0

[Event "Mecklenburg VP VL 1011"]
[Site "Mecklenburg VP"]
[Date "2011.01.23"]
[Round "6"]
[White "Bauer, Norbert"]
[Black "Schoenrock, Ruediger"]
[Result "1/2-1/2"]
[WhiteElo "2010"]
[BlackElo "1909"]
[PlyCount "50"]
[EventDate "2010.10.10"]
[EventType "team-tourn"]
[EventRounds "9"]
[EventCountry "GER"]
[SourceTitle "EXT 2022"]
[Source "ChessBase"]
[SourceDate "2021.10.06"]
[SourceVersion "1"]
[SourceVersionDate "2021.10.06"]
[SourceQuality "1"]
[WhiteTeam "Torgelow Droegeheide"]
[BlackTeam "Rostock HSG Uni"]
[WhiteTeamCountry "GER"]
[BlackTeamCountry "GER"]

1. e4 e5 2. Nf3 Nf6 3. Nxe5 d6 4. Nf3 Nxe4 5. d4 d5 6. Bd3 Nc6 7. 0-0 Be7 8. Re1 Bg4 9. c4 Nf6 10. cxd5 Bxf3 11. Qxf3 Qxd5 12. Qxd5 Nxd5 13. Be4 0-0-0 14. Nc3 Bb4 15. Bxd5 Rxd5 16. a3 Bxc3 17. bxc3 Rdd8 18. Ra2 Rhe8 19. Rae2 Rxe2 20. Rxe2 Na5 21. Kf1 Nc4 22. Re7 Rd7 23. Re8+ Rd8 24. Re7 Rd7 25. Re8+ Rd8 1/2-1/2

[Event "Potsdam Christmas 35th"]
[Site "Potsdam"]
[Date "2010.12.28"]
[Round "4.15"]
[White "Bachran, Boris"]
[Black "Bauer, Norbert"]
[Result "1/2-1/2"]
[WhiteElo "1944"]
[BlackElo "2082"]
[PlyCount "125"]
[EventDate "2010.12.27"]
[EventType "swiss"]
[EventRounds "7"]
[EventCountry "GER"]
[SourceTitle "EXT 2022"]
[Source "ChessBase"]
[SourceDate "2021.10.06"]
[SourceVersion "1"]
[SourceVersionDate "2021.10.06"]
[SourceQuality "1"]

1. d4 Nf6 2. Nf3 e6 3. Bf4 c5 4. c3 b6 5. e3 Bb7 6. Nbd2 Be7 7. Bd3 cxd4 8. exd4 0-0 9. 0-0 d6 10. Qe2 Nbd7 11. Rfe1 Re8 12. Bc4 Nd5 13. Bg3 a6 14. Bd3 b5 15. a3 Nf8 16. Rac1 Ng6 17. Bxg6 hxg6 18. h3 Nb6 19. c4 bxc4 20. Nxc4 Nxc4 21. Rxc4 Bd5 22. Rc2 Qb6 23. Qd2 Bf6 24. Qb4 Qxb4 25. axb4 Red8 26. Rd2 Rab8 27. Ra1 Rxb4 28. Rxa6 Bxf3 29. gxf3 Rxd4 30. Rxd4 Bxd4 31. Rxd6 Rxd6 32. Bxd6 Bxb2 33. Kg2 Bd4 34. Bb4 f6 35. Bd6 Kf7 36. Kf1 Ke8 37. Bb4 Kd7 38. Ba3 Kc6 39. Ke2 Kd5 40. Bc1 Bc5 41. Bb2 Kc4 42. Bc1 g5 43. Bd2 Kd5 44. Bc3 Bd4 45. Bd2 Ke5 46. Kf1 Kf5 47. Kg2 e5 48. Bc1 Kg6 49. Ba3 f5 50. Bd6 Kh5 51. Be7 g4 52. hxg4+ fxg4 53. fxg4+ Kxg4 54. f3+ Kf4 55. Bf8 g5 56. Bh6 Bc5 57. Bg7 Kf5 58. Kg3 Bd6 59. Kh3 Kg6 60. Bh8 Kf5 61. Bg7 Be7 62. Kg3 Bd6 63. Kh3 1/2-1/2

[Event "Mecklenburg VP LL 0910"]
[Site "Mecklenburg VP"]
[Date "2010.01.24"]
[Round "5.2"]
[White "Tuchtenhagen, Harald"]
[Black "Bauer, Norbert"]
[Result "0-1"]
[WhiteElo "1893"]
[BlackElo "1999"]
[PlyCount "42"]
[EventDate "2009.10.18"]
[EventType "team-tourn"]
[EventRounds "9"]
[EventCountry "GER"]
[SourceTitle "EXT 2016"]
[Source "ChessBase"]
[SourceDate "2015.10.08"]
[SourceVersion "1"]
[SourceVersionDate "2015.10.08"]
[SourceQuality "1"]
[WhiteTeam "Ludwigslust Post SV"]
[BlackTeam "Torgelow Droegeheide"]
[WhiteTeamCountry "GER"]
[BlackTeamCountry "GER"]

1. Nf3 Nf6 2. b3 d5 3. Bb2 e6 4. g3 Nbd7 5. Bg2 Bd6 6. 0-0 e5 7. d4 e4 8. Ne5 Qe7 9. Nxd7 Bxd7 10. Qc1 h5 11. Ba3 h4 12. Bxd6 Qxd6 13. Qf4 Qxf4 14. gxf4 h3 15. Bh1 Rh6 16. f3 e3 17. Rd1 0-0-0 18. c4 Nh5 19. Nc3 Nxf4 20. Nxd5 Nxd5 21. cxd5 Bb5 0-1

[Event "Potsdam Christmas 34th"]
[Site "Potsdam"]
[Date "2010.01.01"]
[Round "7.18"]
[White "Bauer, Norbert"]
[Black "Muehlhan, Klaus"]
[Result "1-0"]
[WhiteElo "2064"]
[BlackElo "1932"]
[PlyCount "55"]
[EventDate "2009.12.27"]
[EventType "swiss"]
[EventRounds "7"]
[EventCountry "GER"]
[SourceTitle "EXT 2022"]
[Source "ChessBase"]
[SourceDate "2021.10.06"]
[SourceVersion "1"]
[SourceVersionDate "2021.10.06"]
[SourceQuality "1"]

1. d4 Nf6 2. c4 c5 3. d5 b5 4. cxb5 a6 5. bxa6 Bxa6 6. Nc3 g6 7. Nf3 Bg7 8. e4 Bxf1 9. Kxf1 d6 10. g3 0-0 11. Kg2 Nbd7 12. h3 Qa5 13. Re1 Rfb8 14. e5 dxe5 15. Nxe5 Nxe5 16. Rxe5 Rb7 17. Qe2 Qd8 18. Qf3 Raa7 19. Re2 Rd7 20. Be3 Ra5 21. Rd1 c4 22. Red2 Ne8 23. Qg4 Nf6 24. Qxc4 Qa8 25. Qc6 Rb7 26. d6 Ra6 27. d7 Rxc6 28. d8Q+ 1-0